000 01041nam a22002297a 4500
001 75689
003 BD-RjUL
005 20211209082728.0
008 190519s2019 bd a|||| |||| 00| 0 ben d
035 _a(BD-RjUL)75908
040 _aBD-RjUL
_beng
_cBD-RjUL
041 _aeng
082 _222
_a398.095492
_bBAN 2019
245 _aবাংলার জনজাতি ও সংস্কৃতি /
_cমো. জাহাঙ্গীর হোসেন, সম্পাদিত
260 _aরাজশাহী বিশ্ববিদ্যালয়, রাজশাহী :
_bবাংলাদেশ ফোকলোর গবেষণা কেন্দ্র,
_c২০১৯
300 _a৩৪৭ পৃ. :
_bচিত্র ;
_c২২ সেমি.
504 _aবিবলিওগ্রাফি সম্বিলত।
650 _aFolklore
_zBangladesh
_9231765
651 _aBangladesh
_xSocial life and customs.
_9231766
700 _aহোসেন, মো. জাহাঙ্গীর
_9231769
942 _2ddc
_cBK
999 _c75689
_d75689